000 00676nam a2200241 a 4500
001 13460
003 BD-JhCC
005 20231005103411.0
008 231005b2020 ii a|||| ||a| 000 0 eng d
020 _a9788131025512
035 _a(BD-JhCC)13460
040 _aBD-JhCC
_dBD-JhCC
041 _aEnglish
082 _a813.6
_bLAU 2020
100 _aGrodstein, Lauren
245 _a The Best Of Animals` Tales /
_cLauren Grodstein, Tra:Christine Barbaste.
260 _aIndia:
_bManoj Publications;
300 _a128 p. :
_bill;
_c26 cm.
650 _aManners and customs
_xYoung adults
_zUnited States
700 _aBarbaste, Christine
942 _2ddc
_cBK
999 _c13460
_d13460